Una vida de calidad: reflexiones sobre bioética
Saved in:
| Hovedforfatter: | |
|---|---|
| Format: | Bog |
| Sprog: | spansk |
| Udgivet: |
Barcelona
Ares y Mares
2001
|
| Fag: | |
| Tags: |
Tilføj Tag
Ingen Tags, Vær først til at tagge denne postø!
|
MARC
| LEADER | 00000nam a2200000 a 4500 | ||
|---|---|---|---|
| 001 | UCI6004 | ||
| 003 | CL-VaPUC | ||
| 008 | 080418e20010000SP |||||||||||||||||spa|d | ||
| 020 | |a 8484322912 | ||
| 082 | 0 | 4 | |a 174.957 |b CAM |2 21 |
| 100 | 0 | |a Camps, Victoria |e author |9 528721 | |
| 245 | 1 | 4 | |a Una vida de calidad: reflexiones sobre bioética |
| 300 | |a 249 p | ||
| 942 | |c BK | ||
| 945 | |d 20080418 00:00:00 |a rbrito | ||
| 260 | |a Barcelona |b Ares y Mares |c 2001 | ||
| 650 | 0 | |a Bioética |9 256117 | |
| 650 | 0 | |a Calidad de vida |9 322944 | |
| 650 | 0 | |a Ética médica |9 312024 | |
| 583 | |a last modification |c 20080418 00:00:00 |k Rodrigo Vera | ||
| 999 | |c 329637 |d 329635 | ||
| 952 | |0 0 |1 0 |4 0 |6 174_957000000000000_CAM_2001 |7 0 |8 A |9 414575 |a BIBEDU |b BIBEDU |d 2019-11-22 |i 4429796 |o 174.957 CAM 2001 |p 4429796 |r 2019-11-22 |w 2019-11-22 |y BK |k FIL | ||